Introducción a la psicología de la salud

-д хадгалсан:
Номзүйн дэлгэрэнгүй
Үндсэн зохиолч: Morales Calatayud, Francisco (autor)
Формат: Ном
Хэл сонгох:испани
Хэвлэсэн: Buenos Aires Paidós 1999
Цуврал:Colección Tramas Sociales, 4
Нөхцлүүд:
Шошгууд: Шошго нэмэх
Шошго байхгүй, Энэхүү баримтыг шошголох эхний хүн болох!

MARC

LEADER 00000nam a2200000 a 4500
001 UCP6009
003 CL-VaPUC
008 991008e19990000AG |||||||||||||||||spa|d
082 0 4 |a 610.019  |b MOR  |2 21 
100 |a Morales Calatayud, Francisco  |e autor  |9 434765 
245 1 0 |a Introducción a la psicología de la salud 
300 |a 250 p 
942 |c BK 
945 |d 19991008 00:00:00  |a rbrito 
260 |a Buenos Aires  |b Paidós  |c 1999 
650 0 |a Psicología aplicada   |9 270762 
650 0 |a Medicina   |9 258507 
650 0 |a Hospitales   |9 335788 
650 0 |a Rehabilitación  |9 307382 
650 7 |a RELACION MEDICO-PACIENTE  |2 CL-VaPUC  |9 392898 
583 |a last modification  |c 20130101 09:42:28  |k Rodrigo Vera 
490 0 |a Colección Tramas Sociales, 4 
999 |c 283643  |d 283641 
952 |0 0  |1 0  |4 0  |6 610_019000000000000_MOR_1999  |7 0  |8 A  |9 326941  |a BIBEDU  |b BIBEDU  |d 2019-11-20  |i 3564355  |l 1  |o 610.019 MOR 1999  |p 3564355  |r 2023-03-15  |s 2023-03-08  |w 2019-11-20  |y BK  |k PSI